000 00310nam a22001337a 4500
008 170427b xxu||||| |||| 00| 0 eng d
020 _a9780314158918
041 _aeng
080 _24 E D
_a343.9
100 _a13
101 _aSHJ
245 _aBASIC CRIMINAL PROCEDURE
_cSALTZBURG.S.A
942 _2udc
_cBK
999 _c12292
_d12292